All Cities/Towns in Omaha - Council Bluffs Quiz Stats

 Plays Quiz not verified by Sporcle

Support Sporcle.
Go Orange.
Score 0/79 Timer 16:00
0 Plays Today
Rank City/Town % Correct
1Omaha, Nebraska
96.8%
2Council Bluffs, Iowa
92.6%
3Bellevue, Nebraska
89.5%
4Papillion, Nebraska
83.2%
7Ralston, Nebraska
83.2%
5La Vista, Nebraska
78.9%
6Blair, Nebraska
75.8%
11Gretna, Nebraska
74.7%
29Bennington, Nebraska
69.5%
15Valley, Nebraska
67.4%
18Springfield, Nebraska
65.3%
79South Bend, Nebraska
64.2%
8Plattsmouth, Nebraska
63.2%
14Ashland, Nebraska
61.1%
22Yutan, Nebraska
61.1%
27Weeping Water, Nebraska
61.1%
25Louisville, Nebraska
60%
31Fort Calhoun, Nebraska
58.9%
9Glenwood, Iowa
53.7%
10Wahoo, Nebraska
53.7%
12Carter Lake, Iowa
52.6%
13Missouri Valley, Iowa
50.5%
33Boys Town, Nebraska
50.5%
23Arlington, Nebraska
49.5%
75Washington, Nebraska
49.5%
44Greenwood, Nebraska
46.3%
16Avoca, Iowa
43.2%
35Shelby, Iowa
43.2%
60Avoca, Nebraska
43.2%
19Logan, Iowa
41.1%
20Oakland, Iowa
41.1%
28Treynor, Iowa
40%
52Kennard, Nebraska
40%
78Memphis, Nebraska
37.9%
40Cedar Bluffs, Nebraska
35.8%
62Union, Nebraska
35.8%
41Mead, Nebraska
34.7%
76Leshara, Nebraska
34.7%
24Dunlap, Iowa
33.7%
26Eagle, Nebraska
33.7%
Rank City/Town % Correct
77Malmo, Nebraska
33.7%
30Ceresco, Nebraska
29.5%
41Minden, Iowa
29.5%
47Murray, Nebraska
29.5%
38Elmwood, Nebraska
28.4%
49Waterloo, Nebraska
28.4%
17Woodbine, Iowa
26.3%
21Malvern, Iowa
26.3%
51Cedar Creek, Nebraska
26.3%
45Crescent, Iowa
26.3%
36Underwood, Iowa
25.3%
36Underwood, Iowa
25.3%
64Nehawka, Nebraska
23.2%
72Colon, Nebraska
23.2%
32Neola, Iowa
22.1%
46Pacific Junction, Iowa
21.1%
73Morse Bluff, Nebraska
21.1%
74McClelland, Iowa
21.1%
57Herman, Nebraska
20%
70Ithaca, Nebraska
20%
65Little Sioux, Iowa
18.9%
55Prague, Nebraska
17.9%
61Murdock, Nebraska
17.9%
48Emerson, Iowa
16.8%
71Alvo, Nebraska
16.8%
34Walnut, Iowa
15.8%
53Persia, Iowa
15.8%
69Henderson, Iowa
15.8%
57Weston, Nebraska
14.7%
38Carson, Iowa
12.6%
43Valparaiso, Nebraska
12.6%
50Mondamin, Iowa
12.6%
54Macedonia, Iowa
12.6%
66Hancock, Iowa
12.6%
67Magnolia, Iowa
12.6%
68Manley, Nebraska
11.6%
55Pisgah, Iowa
9.5%
59Modale, Iowa
9.5%
63Silver City, Iowa
9.5%

You're not logged in!

Compare scores with friends on all Sporcle quizzes.
OR
Log In

From the Vault

Multiple Guess World Geography

by razorz

Sure, we'll give you more than one guess, but it's going to cost you.
Remove Ads.
Support Sporcle.
Get the best of Sporcle when you Go Orange. This ad-free experience offers more features, more stats, and more fun while also helping to support Sporcle. Thank you for becoming a member.

Show Comments

Extras

Top Quizzes Today


Score Distribution

Your Account Isn't Verified!

In order to create a playlist on Sporcle, you need to verify the email address you used during registration. Go to your Sporcle Settings to finish the process.

Report this User

Report this user for behavior that violates our Community Guidelines.

Details: